| 000 | 00409nam a2200121 a 4500 | ||
|---|---|---|---|
| 001 | 000028082 | ||
| 005 | 20200930031332.0 | ||
| 008 | 110406s2006 dr r 000 0 spa d | ||
| 040 |
_aDO-SdBNP _bspa _cBNPHU |
||
| 245 | 0 | 0 | _aPrimera encuesta de percepción social del gobierno de la seguridad Distrito Nacional /. |
| 260 |
_aSanto Domingo : _bAyuntamiento del Distrito Nacional, _c2006. |
||
| 300 |
_a46 p. ; _c21 cm. |
||
| 999 |
_c27574 _d27574 |
||